Я (Запись № 385549)

Подробности
000 -МАРКЕР
контрольное поле 00854nam0a2200265 4500
001 - ИДЕНТИФИКАТОР ЗАПИСИ
контрольное поле RU\NLR\bibl\980819
005 - ИДЕНТИФИКАТОР ВЕРСИИ
контрольное поле 20260405221207.0
010 ## - МЕЖДУНАРОДНЫЙ СТАНДАРТНЫЙ НОМЕР КНИГИ (ISBN)
Номер (ISBN) 5-902377-10-2
Тираж 10000
035 ## - ДРУГИЕ СИСТЕМНЫЕ НОМЕРА
Идентификатор записи (NLR Aleph) 000968718
100 ## - ДАННЫЕ ОБЩЕЙ ОБРАБОТКИ
Данные общей обработки 20060905d2004 |||y0rusy50 ca
101 0# - ЯЗЫК РЕСУРСА
Язык текста, звукозаписи и т.д. русский
102 ## - СТРАНА ПУБЛИКАЦИИ ИЛИ ПРОИЗВОДСТВА
Страна публикации Российская Федерация
105 ## - ПОЛЕ КОДИРОВАННЫХ ДАННЫХ: ТЕКСТОВЫЕ МАТЕРИАЛЫ, МОНОГРАФИЧЕСКИЕ
Кодированные данные о монографическом текстовом документе c |||||||||
200 1# - ЗАГЛАВИЕ И СВЕДЕНИЯ ОБ ОТВЕТСТВЕННОСТИ
Основное заглавие Я
Сведения, относящиеся к заглавию повесть
Первые сведения об ответственности Александр Потемкин
210 ## - ПУБЛИКАЦИЯ, РАСПРОСТРАНЕНИЕ И ДР.
Место издания, распространения и т.д. Москва
Имя издателя, распространителя и т. д. ПоРог
Дата издания, распространения и т.д. 2004
215 ## - ФИЗИЧЕСКАЯ ХАРАКТЕРИСТИКА
Специфическое обозначение материала и объем 379 с.
Другие сведения о физической характеристике портр.
Размеры 17
686 ## - ИНДЕКСЫ ДРУГИХ КЛАССИФИКАЦИЙ
Индекс Ш6(2=Р)75-440.4
700 #1 - ИМЯ ЛИЦА - ПЕРВИЧНАЯ ОТВЕТСТВЕННОСТЬ
Код отношения Автор
Материалы, к которым относится поле rus
Графика поля Кириллица
Начальный элемент ввода Потемкин
Часть имени, кроме начального элемента ввода А. П.
Дополнения к именам, кроме дат д-р экон. наук, писатель
Даты 1949-
Расширение инициалов личного имени Александр Петрович
Идентификатор авторитетной/нормативной записи RU\NLR\AUTH\7799541
Системный номер авторитетной/нормативной записи 82467
801 #0 - ИСТОЧНИК ЗАПИСИ
Страна Российская Федерация
Организация NLR
Дата составления 20060905
Правила каталогизации rcr
801 #1 - ИСТОЧНИК ЗАПИСИ
Страна Российская Федерация
Организация NLR
Дата составления 20060905
942 ## - ДОПОЛНИТЕЛЬНЫЕ ЭЛЕМЕНТЫ ЗАПИСИ (АБИС)
Тип экземпляра АБИС Книга
980 ## - КОЛЛЕКЦИЯ
Название коллекции Национальная библиография
Экземпляры
Тип экземпляра Дата поступления Источник поступления Библиотека постоянного хранения Библиотека текущего хранения Место хранения Шифр хранения Штрих-код Статус экземпляра Стоимость
Книга 05.09.2006 Покупка РНБ (Московский) РНБ (Московский) Русский книжный фонд: издания с 1957 года 2006-2/3877 1-1504525    
Книга 02.08.2007 Дар РНБ (Московский) РНБ (Московский) Русский книжный фонд: издания с 1957 года 2006-2/3877 2481824    
Книга 25.10.2007 Покупка РНБ (Московский) РНБ (Московский) Обменный фонд, отказ фонда   2535020    
Книга 06.03.2019 Покупка РНБ (Московский) РНБ (Московский) Обменный фонд   1-2085789   100.00
Книга 06.03.2019 Покупка РНБ (Московский) РНБ (Московский) Обменный фонд   1-2085796   100.00
Книга 06.03.2019 Покупка РНБ (Московский) РНБ (Московский) Обменный фонд   1-2085795   100.00
Книга 18.04.2017 Покупка РНБ (Садовая) РНБ (Садовая) Фонд международного книгообмена   1-1280638 Готов к отправке заказом МКО 100.00